Statistics for Countries With The Most Poverty By Continent

Click here to take the quiz!

General Stats

  • This quiz has been taken 56 times
  • The average score is 22 of 30

Answer Stats

%Country% Correct
76.8DR Congo
86%
21.7Moldova
84%
56.1Venezuela
84%
37.2Bolivia
82%
87.5Afghanistan
80%
73.5Haiti
80%
26.9Suriname
80%
32.5Guyana
77%
49.9Papua New Guinea
77%
22.1Ecuador
75%
23.6North Macedonia
75%
73.5Somalia
75%
29.9Tuvalu
75%
25.3Ukraine
75%
33.1Albania
73%
22.8El Salvador
73%
51.6FS Micronesia
73%
40.3Honduras
73%
35.5Nicaragua
73%
26.3Fiji
70%
24.9Palau
70%
19.2Bulgaria
68%
42.2Guatemala
68%
87.4South Sudan
68%
74.2Syria
68%
61.8Pakistan
64%
78.6Yemen
64%
56.9Bangladesh
57%
64.9Burundi
57%
69.0Eritrea
45%

Score Distribution

Percentile by Number Answered

Percent of People with Each Score

Your Score History

You have not taken this quiz